| 000 | 00665nam a2200229 a 4500 | ||
|---|---|---|---|
| 001 | 13759 | ||
| 003 | BD-JhCC | ||
| 005 | 20240321111943.0 | ||
| 008 | 240321b2024 bg |||| ||a| 000 0 Ben d | ||
| 020 | _a9789849758341 | ||
| 035 | _a(BD-JhCC)13759 | ||
| 040 |
_aBD-JhCC _dBD-JhCC |
||
| 041 | _aBengali | ||
| 082 |
_a891.4435 _bTAR 2024 |
||
| 100 | _a তারেক,তানভীর | ||
| 245 |
_aশেষ ভ্রমণের আগে / _cতানভীর তারেক। |
||
| 260 |
_aঢাকা: _bঅন্য প্রকাশ; _c2024. |
||
| 300 |
_a127 p. : _c22 cm |
||
| 650 | _aBengali Short Stories | ||
| 942 |
_2ddc _cBK |
||
| 999 |
_c13759 _d13759 |
||